000 00269nam a2200109Ia 4500
008 190216s9999||||xx |||||||||||||| ||und||
100 _aDay M C&Amp;Selbin J
245 0 _aTheoretical Chemistry
260 _bAffiliated East West Press
_c2000
300 _a590
942 _cBK
999 _c2888
_d2888